Tanec pochybností sprievodca duchovným blúdením

Bibliographic Details
Main Author: Macsovszky, Peter, 1966- (Author)
Other Authors: Bielik, Robert, 1963- (Illustrator)
Format: Book
Language:Slovak
PhysicalDescription:167 s. ilustr. 21 cm
Published: Bratislava Eugenika 2003
ISBN:808911511X
Edition:1. vyd.
Subjects:

MARC

LEADER 00000cam a2200000 a 4500
001 vtls001451756
003 SK-MaSNL
005 20260425225729.0
008 240318s2003 xo a f 00000 slo
015 |a SNBA2004/03-02186 
020 |a 808911511X  |q (brož.) 
035 |a SNK000407063 
035 |a urn:nbn:sk:snk-amjdfp 
035 |a urn:nbn:sk:snk-am002nrk 
035 |a CD6E1EEE-F2D1-4D26-9483-99944E4336A0 
040 |a SNK  |b slo  |c SNK  |e AACR2 
041 0 |a slo 
044 |a xo  |c SK 
080 |a 821.162.4-3  |2 1981 
100 1 |a Macsovszky, Peter,  |d 1966-  |4 aut  |9 99036 
245 1 0 |a Tanec pochybností  |b sprievodca duchovným blúdením  |c Peter Macsovszky ; [ilustrácie: Robert Bielik] 
250 |a 1. vyd. 
260 |a Bratislava  |b Eugenika  |c 2003 
300 |a 167 s.  |b ilustr.  |c 21 cm 
500 |a Ilustr. na tit. strane 
650 0 7 |a duchovný život  |2 SNKPH  |9 1807 
655 7 |a štúdie  |2 SNKPH  |9 57033 
700 1 |a Bielik, Robert,  |d 1963-  |4 ill  |9 201343 
919 |a 80-89115-11-X 
999 |c 657159  |d 659089 
952 |t P60, <03>, [BOOK], {603}  |a SNK  |b SNK  |y PREZ  |7 0  |p 17A0380288  |o snkSD 72834  |i snkKSP 4789/2003  |0 0  |1 0  |4 0  |d 2003-04-03  |l 0  |r 2025-11-20 00:00:00  |w 2026-02-23 
952 |t P60, <04>, [BOOK], {604}  |a SNK  |b SNK  |y VYP  |7 0  |p 17A0380287  |o snkSD 72834 D1  |i snkKSP 4790/2003  |0 0  |1 0  |4 0  |d 2003-04-03  |l 0  |r 2005-01-02 00:00:00  |w 2026-02-23